| 000 | 01106cam a22003497a 4500 | ||
|---|---|---|---|
| 003 | CHAP | ||
| 005 | 20220817043917.0 | ||
| 008 | 031007d2002 it rn 00110 eng d | ||
| 010 | _a87786 | ||
| 011 | _a88758 | ||
| 020 | _a9251048584 | ||
| 035 | _a99303 | ||
| 040 | _cCHAP | ||
| 082 | 0 | 4 |
_a632.93 _bF3 v.172 |
| 110 | 2 | _aFAO | |
| 245 | 1 | 0 |
_aPesticide residues in food : _breport 2002 _c/ by FAO |
| 260 |
_aRome : _bFAO, _c2002. |
||
| 300 | _a390 p. | ||
| 490 | 0 |
_aFAO. Producción y protección vegetal _v; 172 |
|
| 590 |
_aBATCH-UPD _b10 _c20130110 _lUCH01 _h1753 |
||
| 590 |
_aBATCH-UPD _b10 _c20130410 _lUCH01 _h1130 |
||
| 590 |
_aBATCH-UPD _b10 _c20130914 _lUCH01 _h0203 |
||
| 590 |
_aCONVERSION _b10 _c20130109 _lUCH01 _h1349 |
||
| 650 | 1 | 4 |
_aAlimentos _xContaminacion por pesticidas. _94208 |
| 650 | 1 | 4 |
_aPesticidas _xResiduos. _987570 |
| 650 | 1 | 4 |
_aPesticidas _xToxicidad. _987571 |
| 830 | 0 |
_aFAO. Producción y protección vegetal _v; 172 _939654 |
|
| 901 | _aBK | ||
| 905 | _aAlejandra Carrasco M. | ||
| 942 | _cLIBRO | ||
| 949 |
_a632.93 F3 v.172 _bBC _cFAO _d33724000892089 _eFAO1 _h104066 _i99303 _sb |
||
| 999 |
_c87786 _d87786 |
||